[Event "Chinese Championship"]
[Site "?"]
[Date "2014.07.24"]
[Round "?"]
[White "Yu, Ruiyuan"]
[Black "Wang, Yue"]
[WhiteElo "2548"]
[BlackElo "2717"]
[Result "0-1"]

1. e4 c5 2. Nf3 Nc6 3. d4 cxd4 4. Nxd4 e6 5. Nc3 Qc7 6. Be2 Nf6 7. O-O Be7 8. Be3 O-O 9. f4 d6 10. Kh1 a6 11. Qe1 Nxd4 12. Bxd4 b5 13. Qg3 Bb7 14. Bd3 g6 15. a3 Nh5 16. Qf2 Nxf4 17. Qxf4 e5 18. Qf2 exd4 19. Qxd4 Qc5 20. Qxc5 dxc5 21. Nd5 Bxd5 22. exd5 c4 23. Be4 Bd6 24. c3 Rfe8 25. Bf3 h5 26. g3 a5 27. Rfe1 a4 28. Bg2 Kf8 29. Bh3 Rxe1+ 30. Rxe1 Rd8 31. Rf1 f5 32. Bg2 Re8 33. Bf3 Re7 34. Kg2 Kf7 35. Kf2 Kf6 36. Re1 Re5 37. Kg2 Re3 38. Rd1 Re6 39. Kf2 Re7 40. Re1 Re5 41. Kf1 Ke7 42. Rd1 Kd7 43. Bg2 g5 44. Rd2 g4 45. Re2 Kc7 46. Rxe5 Bxe5 47. Kf2 Kd6 

0-1

[Event "Chinese Championship"]
[Site "?"]
[Date "2014.07.26"]
[Round "?"]
[White "Wen, Yang"]
[Black "Wang, Yue"]
[WhiteElo "2581"]
[BlackElo "2717"]
[Result "1/2-1/2"]

1. d4 Nf6 2. c4 e6 3. g3 Bb4+ 4. Bd2 a5 5. Bg2 d6 6. e3 e5 7. Ne2 O-O 8. O-O Bxd2 9. Qxd2 Re8 10. Nbc3 Nbd7 11. h3 exd4 12. Nxd4 Nc5 13. Qc2 c6 14. Rfd1 g6 15. Rd2 a4 16. Rad1 Qc7 17. Qc1 Nfe4 18. Nxe4 Nxe4 19. Rd3 Nc5 20. R3d2 Ne4 21. Rd3 Nc5 22. R3d2 Ne4 

1/2-1/2

[Event "Chinese Championship"]
[Site "?"]
[Date "2014.07.27"]
[Round "?"]
[White "Wang, Yue"]
[Black "Lan, Zilun"]
[WhiteElo "2717"]
[BlackElo "2171"]
[Result "1-0"]

1. Nf3 Nf6 2. d4 e6 3. c4 Bb4+ 4. Nc3 O-O 5. Bg5 h6 6. Bh4 b6 7. e3 Bb7 8. Bd3 d5 9. cxd5 Bxd5 10. e4 g5 11. Nxg5 Nxe4 12. Nxe4 Qxh4 13. O-O Bb7 14. Re1 Kh8 15. g3 Rg8 16. Bf1 Bxc3 17. bxc3 Bxe4 18. Rxe4 Qxe4 19. Bg2 Qg4 20. Bf3 Qf5 21. Bxa8 Nd7 22. Bg2 Nf6 23. Qa4 Ne4 24. Bxe4 Qxe4 25. Qd7 Qf3 26. Qxc7 h5 27. h4 Kh7 28. Re1 Rg4 29. Re3 Qf6 

1-0

[Event "41st Olympiad"]
[Site "?"]
[Date "2014.08.03"]
[Round "?"]
[White "Wang, Yue"]
[Black "Dervishi, Erald"]
[WhiteElo "2718"]
[BlackElo "2581"]
[Result "1/2-1/2"]

1. c4 e6 2. g3 Nf6 3. Bg2 d5 4. Nf3 Be7 5. d4 O-O 6. O-O dxc4 7. Qa4 a6 8. Qxc4 b5 9. Qc2 Bb7 10. Bd2 Be4 11. Qc1 Nbd7 12. Ba5 Ra7 13. Nbd2 Bd5 14. Re1 Ne4 15. Nxe4 Bxe4 16. Qf4 Nf6 17. Ne5 Bxg2 18. Kxg2 Bd6 19. Rac1 Qb8 20. Qe3 Nd5 21. Qf3 Bxe5 22. dxe5 c5 23. Rxc5 Qxe5 24. b4 f5 25. Rec1 f4 26. g4 Raf7 27. Rc8 Rxc8 28. Rxc8+ Rf8 29. Rc6 h5 30. gxh5 Rf5 31. h4 Qf6 32. Kh3 Re5 33. Rc8+ Kf7 34. Bd8 Qf5+ 35. Kg2 Re4 36. a3 Rc4 37. Rc5 Qc2 38. Bg5 Rxc5 39. bxc5 Qxc5 40. e4 Nf6 41. Qxf4 Qd4 42. Qc7+ Kg8 43. Qc8+ Kf7 44. Qb7+ Qd7 45. Qxa6 Nxe4 46. Qa8 Nd6 47. Bd2 Nf5 48. Bb4 Kf6 49. Qf3 Kf7 50. Qa8 Kf6 51. Qf3 Kf7 52. Qg4 Qd5+ 53. Kg1 Kg8 54. Bc3 Qd7 55. Be5 Qe7 56. Qg5 Qxa3 57. h6 Qe7 58. Qxe7 Nxe7 59. hxg7 Nf5 60. Kf1 Nxh4 61. Ke2 Nf5 62. Kd3 Nxg7 63. Kd4 Nf5+ 64. Kc5 Kf7 65. Kxb5 

1/2-1/2

[Event "41st Olympiad Open"]
[Site "?"]
[Date "2014.08.06"]
[Round "?"]
[White "Wang, Yue"]
[Black "Giri, Anish"]
[WhiteElo "2718"]
[BlackElo "2745"]
[Result "1/2-1/2"]

1. e4 c5 2. Ne2 Nf6 3. Nbc3 d6 4. g3 Nc6 5. Bg2 g6 6. d3 Bg7 7. h3 O-O 8. f4 Ne8 9. O-O Nc7 10. a4 Rb8 11. Be3 Nd4 12. Bf2 Nxe2+ 13. Qxe2 Ne6 14. Qd1 b6 15. Ra2 Nd4 16. Nd5 Nc6 17. c3 f5 18. Qd2 e6 19. Ne3 Bb7 20. Raa1 Qd7 21. Rab1 Rbc8 22. Kh2 Ne7 23. a5 b5 24. a6 Bxa6 25. Ra1 Bb7 26. Rxa7 Nc6 27. Raa1 Kh8 28. Bg1 Ra8 29. Rfe1 Ne7 30. exf5 exf5 31. Bxb7 Qxb7 32. Qg2 Qxg2+ 33. Kxg2 Kg8 34. Kf3 Kf7 35. Ke2 Ke6 36. Kd2 Kd7 37. Bf2 Bh6 38. Kc2 Rfe8 39. Red1 g5 40. fxg5 Bxg5 41. Rxa8 Rxa8 42. Rf1 Re8 43. h4 Bxe3 

1/2-1/2

[Event "41st Olympiad Open"]
[Site "?"]
[Date "2014.08.08"]
[Round "?"]
[White "Wang, Yue"]
[Black "Amin, Bassem"]
[WhiteElo "2718"]
[BlackElo "2627"]
[Result "1/2-1/2"]

1. d4 Nf6 2. c4 e6 3. Nf3 Bb4+ 4. Bd2 Qe7 5. g3 Nc6 6. Nc3 O-O 7. Bg2 d6 8. d5 Ne5 9. Nxe5 dxe5 10. a3 Bc5 11. O-O exd5 12. cxd5 h6 13. Rc1 a6 14. Qb3 Bd6 15. Rfd1 Bd7 16. h3 Rfb8 17. e4 b5 18. Ne2 a5 19. Qc2 b4 20. axb4 axb4 21. Ra1 Qe8 22. Rxa8 Rxa8 23. g4 Ra2 24. Qb3 Ra5 25. Rc1 Qa8 26. Ng3 Ra1 27. Qd1 Ra2 28. b3 Qa3 29. Be3 Rb2 30. Rb1 Qa2 31. Rxb2 Qxb2 32. Bf1 Nh7 33. Bd3 Nf8 34. Nf1 Qc3 35. Bc4 Ng6 36. Nd2 Nf4 37. Bf1 Be7 38. Nb1 Qb2 39. Nd2 Qc3 40. Nb1 Qb2 41. Nd2 

1/2-1/2

[Event "41st Olympiad Open"]
[Site "?"]
[Date "2014.08.11"]
[Round "?"]
[White "Wang, Yue"]
[Black "Ivanchuk, Vassily"]
[WhiteElo "2718"]
[BlackElo "2744"]
[Result "1/2-1/2"]

1. d4 d5 2. c4 dxc4 3. e4 c5 4. d5 e6 5. Nc3 Nf6 6. Bxc4 exd5 7. Nxd5 Nxd5 8. Bxd5 Be7 9. Nf3 O-O 10. O-O Na6 11. Bf4 Nb4 12. Re1 Nxd5 13. exd5 Bd6 14. Bxd6 Qxd6 15. Ne5 b6 16. Nc4 Qf6 17. Qa4 Qd8 18. Rad1 Bg4 19. f3 Bd7 20. Qb3 Re8 21. Ne5 f6 22. Nc6 Rxe1+ 23. Rxe1 Bxc6 24. dxc6+ Kf8 25. Rd1 Qe7 26. Kf2 Rd8 27. Rd5 Qc7 28. Qd1 Rxd5 29. Qxd5 Ke7 30. h4 h5 31. a3 Qd6 32. Qxh5 Qxc6 

1/2-1/2

[Event "Chinese Championship"]
[Site "?"]
[Date "2014.09.10"]
[Round "?"]
[White "Wang, Yue"]
[Black "Yang, Kaiqi"]
[WhiteElo "2717"]
[BlackElo "2331"]
[Result "1-0"]

1. Nf3 Nf6 2. c4 c5 3. Nc3 d5 4. cxd5 Nxd5 5. g3 Nc6 6. Bg2 Nc7 7. a3 g6 8. b4 cxb4 9. axb4 Nxb4 10. Qa4+ Nc6 11. Ne5 Bg7 12. Nxc6 bxc6 13. Bxc6+ Bd7 14. O-O Bxc6 15. Qxc6+ Qd7 16. Qb7 a5 17. Rb1 O-O 18. Ne4 Bd4 19. Ba3 Ra7 20. Qb3 Ne6 21. e3 a4 22. Qa2 Bg7 23. d4 h6 24. h4 Rd8 25. Rfc1 Rb7 26. Qc4 Rxb1 27. Rxb1 g5 28. Qb5 gxh4 29. gxh4 Kf8 30. Qxd7 Rxd7 31. Rb8+ Nd8 32. Nc5 Rd5 33. Nxa4 Ke8 34. Nc3 Rh5 35. Bc5 Kd7 36. Na4 Rxh4 37. Nb6+ Ke8 38. Nd5 Rh5 39. e4 e6 40. Nb4 Rg5+ 41. Kf1 Bf6 42. e5 Bxe5 43. dxe5 Kd7 44. Bb6 

1-0

[Event "Kings Tournament ROU-CHN"]
[Site "?"]
[Date "2014.11.23"]
[Round "?"]
[White "Wang, Yue"]
[Black "Jianu, Vlad-Cristian"]
[WhiteElo "2711"]
[BlackElo "2588"]
[Result "1-0"]

1. Nf3 Nf6 2. g3 g6 3. Bg2 Bg7 4. c4 O-O 5. Nc3 d6 6. O-O Nc6 7. d4 a6 8. d5 Na5 9. Nd2 c5 10. Qc2 Rb8 11. b3 b5 12. Rb1 bxc4 13. bxc4 Rxb1 14. Ncxb1 Bd7 15. Bb2 Qc7 16. Bc3 Rb8 17. Nb3 Nxb3 18. axb3 Ne8 19. Nd2 Bxc3 20. Qxc3 a5 21. Ra1 Rb4 22. h4 a4 23. bxa4 Rxa4 24. Rb1 Qa7 25. Bf3 Ra3 26. Qc1 Nf6 27. h5 gxh5 28. Ne4 Bf5 29. Qg5+ Bg6 30. Kg2 Kg7 31. Rh1 Nxe4 32. Bxe4 f6 33. Qf4 Ra1 34. Rh4 Qd7 35. g4 e5 36. dxe6 Qxe6 37. Bf3 Qe5 38. gxh5 Qxf4 39. Rxf4 Bf7 40. h6+ Kxh6 41. Rxf6+ Kg7 42. Rxd6 Bxc4 43. Rc6 Ra5 44. Kg3 Bf7 45. e4 c4 46. Rc7 Kf8 47. Bg4 h5 48. Bf5 Ra3+ 49. Kf4 h4 50. f3 Bh5 51. Bg4 Bf7 52. e5 Bd5 53. e6 h3 54. Rh7 Ra8 55. Bxh3 Kg8 56. Rc7 Rf8+ 57. Ke5 Bxf3 58. e7 Re8 59. Kf6 Bh5 60. Be6+ 

1-0

[Event "Kings Tournament ROU-CHN"]
[Site "?"]
[Date "2014.11.24"]
[Round "?"]
[White "Lupulescu, Constantin"]
[Black "Wang, Yue"]
[WhiteElo "2643"]
[BlackElo "2711"]
[Result "1/2-1/2"]

1. d4 Nf6 2. c4 e6 3. Nf3 d5 4. Nc3 c5 5. cxd5 Nxd5 6. e4 Nxc3 7. bxc3 cxd4 8. cxd4 Bb4+ 9. Bd2 Bxd2+ 10. Qxd2 O-O 11. Bc4 Nd7 12. O-O b6 13. Rfe1 Bb7 14. a4 Rc8 15. Bd3 Qc7 16. a5 h6 17. h3 Rfd8 18. Ra3 Qd6 19. Qb2 Rc7 20. axb6 axb6 21. Bb5 Nf8 22. Rb3 Rdc8 23. Bd3 Nd7 24. Qd2 Kh8 25. Reb1 f5 26. Re1 fxe4 27. Bxe4 Bxe4 28. Rxe4 Rc2 29. Qf4 Qxf4 30. Rxf4 Kg8 31. Re4 R8c6 32. Rbe3 Nf8 33. Ne5 R6c3 34. Rxc3 Rxc3 35. Re1 Rc7 36. Rb1 Nd7 37. Nxd7 Rxd7 38. Rxb6 Rxd4 39. Rxe6 Kf7 40. Re5 Kf6 41. Ra5 g6 42. g4 g5 43. Kg2 Rd6 44. h4 Kg6 45. h5+ Kg7 46. Ra7+ Kg8 47. f3 Rd2+ 48. Kf1 Rb2 49. Re7 Ra2 50. Re2 Ra3 51. Kf2 Kf7 52. Rd2 Ra7 53. Rd6 Kg7 54. Rd4 Re7 55. Re4 Ra7 56. Rd4 Re7 57. Rd3 Kf7 58. Re3 Ra7 59. Ke2 Ra2+ 60. Kd3 Ra3+ 61. Kd4 Rxe3 62. Kxe3 Ke7 63. Ke4 Ke6 64. Kd4 

1/2-1/2

[Event "Kings Tournament ROU-CHN"]
[Site "?"]
[Date "2014.11.26"]
[Round "?"]
[White "Nevednichy, Vladislav"]
[Black "Wang, Yue"]
[WhiteElo "2563"]
[BlackElo "2711"]
[Result "0-1"]

1. e4 c5 2. Nf3 e6 3. d4 cxd4 4. Nxd4 Nc6 5. Nc3 Qc7 6. Be3 a6 7. Qd2 Nf6 8. f4 Bb4 9. Bd3 b5 10. a3 Bxc3 11. Qxc3 Bb7 12. Nb3 O-O 13. O-O Ng4 14. Rae1 Nxe3 15. Rxe3 Rac8 16. Rg3 f6 17. Rh3 e5 18. Qe1 d6 19. Qh4 g6 20. Rhf3 Qe7 21. c3 Rce8 22. Nd2 Kh8 23. Bb1 exf4 24. Qxf4 Kg7 25. R3f2 Ne5 26. Nb3 Nc4 27. a4 bxa4 28. Nd4 Bxe4 29. Bxe4 Qxe4 30. Qxe4 Rxe4 31. Ra1 Nb6 32. Rd2 Rfe8 33. Kf2 Nc4 34. Rc2 Ne3 35. Re2 Ng4+ 36. Ke1 Rxe2+ 37. Nxe2 Re4 38. Rd1 Ne3 39. Rxd6 Nxg2+ 40. Kf2 Nf4 41. Nd4 Nd3+ 42. Kf3 Re5 43. Ne6+ Kh6 44. Rxd3 Rxe6 45. c4 Kg5 46. c5 Kf5 47. Rd4 Rc6 48. Rd5+ Ke6 49. Ke4 f5+ 50. Kd4 f4 51. Rd8 g5 52. Re8+ Kf7 53. Re1 f3 54. Kd5 f2 55. Rf1 Rf6 

0-1

[Event "Chinese Championship"]
[Site "?"]
[Date "2014.11.14"]
[Round "?"]
[White "Wang, Yue"]
[Black "Laznicka, Viktor"]
[WhiteElo "2711"]
[BlackElo "2667"]
[Result "1-0"]

1. c4 Nf6 2. Nf3 e6 3. g3 d5 4. Bg2 Be7 5. d4 O-O 6. Nc3 dxc4 7. Ne5 c5 8. dxc5 Qxd1+ 9. Nxd1 Bxc5 10. Nc3 Nc6 11. Nxc4 Bd7 12. Bf4 Rfd8 13. O-O Ne8 14. Rfd1 f6 15. Ne4 Be7 16. Ned6 Nxd6 17. Bxd6 Bxd6 18. Nxd6 Bc8 19. Rac1 e5 20. Kf1 Kf8 21. Ke1 Ke7 22. Bxc6 bxc6 23. Rxc6 Be6 24. Ra6 Rdb8 25. Rd2 Rb6 26. Rxb6 axb6 27. a3 Ra5 28. Ne4 f5 29. Nc3 Bb3 30. f4 Be6 31. fxe5 Rxe5 32. Rd4 b5 33. Kf2 g5 34. h4 h6 35. hxg5 hxg5 36. e4 fxe4 37. Rxe4 Rf5+ 38. Ke3 Kd7 39. Kd4 Kd6 40. Re2 Bd7 41. Ne4+ Kc6 42. Rc2+ Kb6 43. Rf2 Rxf2 44. Nxf2 b4 45. axb4 Kb5 46. Kc3 Bf5 47. Nd1 Bd7 48. Ne3 Be6 49. Nc2 Kb6 50. Nd4 Bd5 51. Kd3 Ka6 52. Ne2 Kb6 53. Nc3 Bf3 54. Kd4 Bb7 55. Kc4 Kc6 56. b5+ Kd6 57. Kd4 g4 58. Nd1 Bf3 59. Ne3 Be2 60. Nc4+ Kc7 61. Kc5 Bf3 62. Ne5 Kb7 63. Kb4 Kb6 64. Nd7+ Kc7 65. Nc5 Kb6 66. Na4+ Kb7 67. Ka5 Be2 68. Nc5+ Ka7 69. b4 Bc4 70. b6+ Kb8 71. b5 

1-0

[Event "Chinese Championship"]
[Site "?"]
[Date "2014.11.16"]
[Round "?"]
[White "Xu, Yinglun"]
[Black "Wang, Yue"]
[WhiteElo "2410"]
[BlackElo "2711"]
[Result "1/2-1/2"]

1. d4 d5 2. c4 c6 3. Nf3 Nf6 4. e3 Bg4 5. h3 Bh5 6. Nc3 e6 7. Qb3 Qc7 8. Ne5 Nbd7 9. g4 Bg6 10. Nxg6 hxg6 11. g5 dxc4 12. Bxc4 Nd5 13. Bd2 Be7 14. f4 a5 15. a3 a4 16. Qc2 Nxc3 17. Qxc3 Nb6 18. Bf1 Nd5 19. Qc2 Qb6 20. O-O-O Rh4 21. Qd3 c5 22. Qb5+ Qxb5 23. Bxb5+ Kf8 24. dxc5 Bxc5 25. Rde1 f6 26. Rhg1 f5 27. Rg3 Ke7 28. Rf3 Rah8 29. Rh1 Ra8 30. Re1 Rah8 31. Rh1 Ra8 

1/2-1/2

[Event "Chinese Championship Division A"]
[Site "?"]
[Date "2014.12.07"]
[Round "?"]
[White "Xu, Zhihang"]
[Black "Wang, Yue"]
[WhiteElo "2119"]
[BlackElo "2711"]
[Result "0-1"]

1. Nf3 c5 2. c4 Nc6 3. Nc3 g6 4. g3 Bg7 5. Bg2 d6 6. O-O e6 7. e3 Nge7 8. d4 O-O 9. b3 cxd4 10. Nxd4 Nxd4 11. exd4 Nf5 12. Ne2 Rb8 13. Rb1 b5 14. c5 b4 15. cxd6 Ba6 16. Re1 Rb6 17. d5 Rxd6 18. a3 Bb7 19. axb4 Bxd5 20. Bxd5 Rxd5 21. Qc2 Qd7 22. Qa2 Rc8 23. Qa4 Rc2 24. Nf4 Bd4 25. Re2 Qc8 26. Ba3 Rxe2 27. Nxe2 Qc2 28. Re1 Bb6 29. Qe8+ Kg7 30. b5 Rd8 31. Qc6 Qxb3 32. Qc3+ Qxc3 33. Nxc3 Rd3 34. Bb4 Nd4 35. Rc1 Rd2 36. Nd1 Ra2 37. Bc3 Kh6 

0-1

[Event "Chinese Championship Division A"]
[Site "?"]
[Date "2014.12.08"]
[Round "?"]
[White "Wang, Yue"]
[Black "Bu, Xiangzhi"]
[WhiteElo "2711"]
[BlackElo "2707"]
[Result "1-0"]

1. d4 d5 2. c4 c6 3. Nf3 Nf6 4. Nc3 dxc4 5. a4 Bf5 6. e3 e6 7. Bxc4 Bb4 8. O-O Nbd7 9. Qe2 O-O 10. e4 Bg6 11. Bd3 Bh5 12. e5 Nd5 13. Nxd5 cxd5 14. Qe3 Be7 15. Ng5 Bxg5 16. Qxg5 Bg6 17. Be2 Qxg5 18. Bxg5 Nb8 19. Rfc1 Nc6 20. Be3 Rac8 21. Rc3 Nb4 22. Raa3 a5 23. h4 h6 24. g4 Rfd8 25. h5 Bh7 26. Kg2 Kf8 27. Kg3 Bb1 28. Ra1 Bh7 29. Rac1 Nc2 30. Bd2 Rc6 31. Rxc6 bxc6 32. Bd1 Nb4 33. Bxb4+ axb4 34. Rxc6 Bd3 35. Kf3 b3 36. Ke3 Bc4 37. Rb6 Ra8 38. Rb4 f6 39. f4 fxe5 40. dxe5 Kg8 41. f5 Rf8 42. fxe6 d4+ 43. Kxd4 Bxe6 44. Bxb3 Bxb3 45. Rxb3 Rf4+ 46. Kd5 Rxa4 47. Rb8+ Kf7 48. b4 Ra7 49. e6+ Ke7 50. Rg8 

1-0

[Event "Chinese Championship Division A"]
[Site "?"]
[Date "2014.12.09"]
[Round "?"]
[White "Lan, Zilun"]
[Black "Wang, Yue"]
[WhiteElo "2147"]
[BlackElo "2711"]
[Result "0-1"]

1. d4 Nf6 2. c4 e6 3. Nf3 Bb4+ 4. Bd2 a5 5. g3 d6 6. Bg2 Nbd7 7. O-O e5 8. a3 Bxd2 9. Qxd2 O-O 10. dxe5 Nxe5 11. Nxe5 dxe5 12. Rd1 Qxd2 13. Nxd2 a4 14. Ne4 Nxe4 15. Bxe4 c6 16. Kf1 Ra5 17. Rac1 f5 18. Bb1 Be6 19. Ke1 Rc5 20. e3 Kf7 21. Bd3 Ke7 22. f4 Ra8 23. Bf1 h6 24. h4 Ra6 25. Rc3 Rb6 26. Rd2 Ra5 27. Kd1 e4 28. Kc2 c5 29. Rd1 Ra8 30. Rb1 g5 31. hxg5 hxg5 32. b4 Rh8 33. fxg5 Rh1 34. Kd2 Bd7 35. Rcc1 Rg1 36. bxc5 Rxb1 37. Rxb1 Bc6 38. Bd3 Rxg3 39. Bc2 Rg2+ 40. Kc3 Re2 41. Rg1 Rxe3+ 42. Kd4 Rxa3 43. g6 Kf8 44. g7+ Kg8 45. Ke5 f4 46. Kxf4 Rf3+ 47. Ke5 a3 48. Kd4 Rf2 49. Kc3 a2 50. Ra1 Kxg7 51. Rxa2 Kf6 52. Ra8 Ke5 53. Rh8 Rf3+ 54. Kd2 Kd4 55. Rh4 Rf2+ 56. Kd1 Rf5 

0-1

[Event "SportAccord Rapid"]
[Site "?"]
[Date "2014.12.11"]
[Round "?"]
[White "Wang, Yue"]
[Black "Harikrishna, P"]
[WhiteElo "2720"]
[BlackElo "2727"]
[Result "1/2-1/2"]

1. g3 d5 2. Nf3 Nf6 3. Bg2 c6 4. O-O Bg4 5. c4 e6 6. Qb3 Qb6 7. d3 Nbd7 8. cxd5 Qxb3 9. axb3 exd5 10. h3 Bxf3 11. Bxf3 Bd6 12. Be3 a6 13. Rc1 O-O 14. Na3 Rfe8 15. Nc2 Nc5 16. Nd4 g6 17. b4 Ne6 18. Nxe6 Rxe6 19. b5 cxb5 20. Bd4 Be5 21. Bxe5 Rxe5 22. Rc7 Rb8 23. Rac1 Kf8 24. g4 h6 25. Kf1 Ree8 26. Ke1 Red8 27. Kd2 Ne4+ 28. Bxe4 dxe4 29. h4 exd3 30. e3 Ke8 31. h5 gxh5 32. R1c5 Rd7 33. Rxd7 Kxd7 34. Rd5+ Ke7 35. Re5+ Kd7 36. Rd5+ Ke7 37. Re5+ Kd7 

1/2-1/2

[Event "SportAccord Rapid"]
[Site "?"]
[Date "2014.12.11"]
[Round "?"]
[White "Gelfand, Boris"]
[Black "Wang, Yue"]
[WhiteElo "2743"]
[BlackElo "2720"]
[Result "0-1"]

1. d4 Nf6 2. c4 e6 3. Nf3 d5 4. Nc3 c5 5. cxd5 Nxd5 6. e3 Nc6 7. Bd3 Be7 8. O-O cxd4 9. exd4 O-O 10. Re1 Bf6 11. Be4 Nce7 12. Qd3 h6 13. Ne5 Nxc3 14. Qxc3 Nf5 15. Be3 Rb8 16. Bf4 g5 17. Bxf5 gxf4 18. Be4 Bg7 19. Rad1 Bd7 20. Qf3 Bb5 21. Bxb7 Qg5 22. b3 Rfd8 23. Be4 Rb6 24. Qc3 Qe7 25. Qc1 Qf6 26. Qc7 Rbd6 27. Qxa7 Qxe5 28. dxe5 Rxd1 29. Qa5 Bxe5 30. h3 Bc7 31. Qc3 Bb6 32. Kh2 Bxf2 33. Bh7+ Kf8 34. Qb4+ Kg7 35. Qxf4 Bxe1 36. Bc2 R1d2 37. Qe5+ Kg8 38. Be4 Be8 39. Qf4 R2d4 40. Qxh6 Bd2 41. Qh7+ Kf8 42. Qh8+ Ke7 43. Qe5 Bb4 44. Qg5+ f6 45. Qg7+ Bf7 46. Bg6 Rf8 47. g4 Bd6+ 48. Kg2 Rd2+ 49. Kf3 Rxa2 50. h4 Rb2 51. h5 Rxb3+ 52. Ke2 Rg3 53. Bxf7 Rxf7 54. Qg6 Rh3 55. Qe4 Kf8 56. Kd2 Ra7 57. Kc2 Be5 58. g5 Rc3+ 59. Kd2 Ra2+ 60. Kd1 Rg3 61. Qb4+ Kg8 

0-1

[Event "SportAccord Rapid"]
[Site "?"]
[Date "2014.12.11"]
[Round "?"]
[White "Wang, Yue"]
[Black "Dominguez Perez, Leinier"]
[WhiteElo "2720"]
[BlackElo "2726"]
[Result "1-0"]

1. d4 Nf6 2. c4 g6 3. g3 c6 4. Bg2 d5 5. e3 Bg7 6. Ne2 O-O 7. O-O Bf5 8. b3 b5 9. Nd2 Nbd7 10. a4 bxc4 11. bxc4 e5 12. Ba3 Re8 13. Rc1 Bd3 14. cxd5 cxd5 15. Nb3 Bc4 16. Re1 Rb8 17. Nc5 Qa5 18. Nc3 exd4 19. exd4 Bh6 20. Rxe8+ Rxe8 21. Nb7 Qa6 22. Rb1 Bf8 23. Bxf8 Rxf8 24. Nc5 Nxc5 25. dxc5 Bd3 26. Rc1 Bc4 27. Qd4 Rc8 28. h4 h5 29. Bxd5 Bxd5 30. Nxd5 Nxd5 31. Qxd5 Qxa4 32. c6 Qa3 33. Rc5 Qa1+ 34. Kg2 Qf6 35. c7 Qe6 36. Qb7 Kh7 37. Rc3 a5 38. Rd3 a4 39. Rd8 Rxc7 40. Qxc7 Qe4+ 41. Kh2 Qf3 

1-0

[Event "SportAccord Rapid"]
[Site "?"]
[Date "2014.12.11"]
[Round "?"]
[White "Wang, Hao"]
[Black "Wang, Yue"]
[WhiteElo "2710"]
[BlackElo "2720"]
[Result "1-0"]

1. d4 Nf6 2. c4 e6 3. Nc3 d5 4. cxd5 exd5 5. Bg5 c6 6. e3 Bf5 7. Qf3 Bg6 8. Bxf6 Qxf6 9. Qxf6 gxf6 10. Nf3 Nd7 11. Nh4 Be7 12. g3 Nb6 13. O-O-O Nc8 14. Bd3 Nd6 15. f3 Kd7 16. e4 dxe4 17. fxe4 Kc7 18. Rhf1 Rae8 19. a4 a6 20. Kc2 b5 21. axb5 axb5 22. Rde1 Bd8 23. b4 Kb7 24. Kb3 Re6 25. Ng2 Bb6 26. Nf4 Re7 27. d5 c5 28. Nxb5 Nxb5 29. Bxb5 cxb4 30. d6 Re5 31. Bc4 Kc6 32. Nxg6 fxg6 33. Rxf6 Bd8 34. Bd5+ Kd7 35. Rf7+ Kxd6 36. Rc1 Ree8 37. Rc6+ Ke5 38. Kc4 b3 39. Kxb3 Ref8 40. Kc4 Re8 41. Kd3 Rhf8 42. Rxf8 

1-0

[Event "SportAccord Rapid"]
[Site "?"]
[Date "2014.12.12"]
[Round "?"]
[White "Wang, Yue"]
[Black "Vachier-Lagrave, Maxime"]
[WhiteElo "2720"]
[BlackElo "2758"]
[Result "0-1"]

1. d4 Nf6 2. c4 g6 3. g3 Bg7 4. Bg2 c5 5. d5 d6 6. Nc3 O-O 7. Nf3 e6 8. O-O exd5 9. cxd5 Re8 10. Re1 Ne4 11. Nxe4 Rxe4 12. Bg5 Qc7 13. Nd2 Re8 14. Ne4 Nd7 15. Bf4 Ne5 16. Qc1 Bf5 17. Nc3 Qd7 18. a4 Re7 19. Bg5 f6 20. Bd2 Rae8 21. a5 b5 22. axb6 axb6 23. b3 b5 24. Rf1 b4 25. Na4 Qb5 26. Re1 Nf7 27. Bf1 Qb7 28. Nb2 Be4 29. Nc4 Bxd5 30. Bf4 f5 31. Nxd6 Nxd6 32. Bxd6 Bxa1 33. Qxa1 Bxb3 34. Bxc5 Rc7 35. Bd4 Bd5 36. Qd1 b3 37. Bb2 Rc2 38. Qd4 Rxb2 39. Qxb2 Qg7 40. Qd2 Qe5 41. Bg2 Bxg2 42. Kxg2 b2 43. Qd3 Qe4+ 44. Qxe4 Rxe4 45. Kf3 g5 46. h3 h5 47. e3 Rc4 48. Rb1 g4+ 49. hxg4 fxg4+ 50. Ke2 Rc2+ 51. Kd3 Rxf2 52. Kc3 h4 53. gxh4 g3 

0-1

[Event "SportAccord Rapid"]
[Site "?"]
[Date "2014.12.12"]
[Round "?"]
[White "Leko, Peter"]
[Black "Wang, Yue"]
[WhiteElo "2723"]
[BlackElo "2720"]
[Result "1/2-1/2"]

1. e4 c5 2. Nf3 e6 3. d4 cxd4 4. Nxd4 Nc6 5. Nc3 Qc7 6. Be2 a6 7. O-O Nf6 8. Be3 Be7 9. f4 d6 10. Qe1 O-O 11. Qg3 Nxd4 12. Bxd4 b5 13. a3 Bb7 14. Kh1 Rad8 15. Rae1 Rd7 16. Bd3 Re8 17. a4 b4 18. Na2 Qa5 19. Nc1 Qxa4 20. Qh3 h6 21. Nb3 Qc6 22. Na5 Qc7 23. Nxb7 Qxb7 24. Re3 Bd8 25. Rg3 Kh8 26. Rff3 e5 27. Be3 Nh7 28. Bxa6 Qc6 29. Bc4 Bf6 30. Bd5 Qc8 31. Rf1 Rc7 32. Qxc8 Rexc8 33. Bb3 exf4 34. Bxf4 Be5 35. Bxe5 dxe5 36. Rd3 Nf6 37. Re1 Kg8 38. Kg1 Nd7 39. Red1 Nc5 40. Rd8+ Rxd8 41. Rxd8+ Kh7 42. Bd5 Na4 43. Rb8 Nxb2 44. Bb3 Nd1 45. Rxb4 Kg6 46. c4 Nc3 47. Bc2 Ne2+ 48. Kf2 Nd4 49. Ba4 Ne6 50. Ke3 Kg5 51. g3 Nc5 52. Bd1 Ne6 53. h4+ Kf6 54. Bg4 Nc5 55. Rb6+ Ke7 56. Rb5 g6 57. Bd1 Kd6 58. Bc2 Rb7 59. Kd2 Rxb5 60. cxb5 Nd7 61. Bb3 f6 62. Bf7 g5 63. Ke3 Kc5 64. Be8 Nb6 65. Kf3 Nc4 66. Kg4 Nd6 67. Bc6 gxh4 68. gxh4 Kb6 69. Kh5 f5 70. exf5 Nxf5 71. Bd7 Ng3+ 72. Kxh6 e4 73. Kg6 e3 74. Bg4 Kxb5 75. Kg5 Kc5 76. Kf4 e2 77. Bxe2 Nxe2+ 

1/2-1/2

[Event "SportAccord Rapid"]
[Site "?"]
[Date "2014.12.12"]
[Round "?"]
[White "Wang, Yue"]
[Black "Wojtaszek, Radoslaw"]
[WhiteElo "2720"]
[BlackElo "2744"]
[Result "1/2-1/2"]

1. d4 Nf6 2. c4 e6 3. g3 d5 4. Bg2 Bb4+ 5. Bd2 Be7 6. Nf3 O-O 7. O-O c6 8. Qb3 Nbd7 9. Rc1 a5 10. Be1 b6 11. cxd5 cxd5 12. Nc3 Ba6 13. Nb5 Rc8 14. e3 Rxc1 15. Rxc1 Qb8 16. Bf1 Rc8 17. Rxc8+ Qxc8 18. Qc3 Ne4 19. Qxc8+ Bxc8 20. Nd2 Nxd2 21. Bxd2 Ba6 22. f3 f5 23. h3 h5 24. h4 Nf6 25. Kf2 Bxb5 26. Bxb5 Bd6 27. Be1 Kf7 28. Ke2 Ke7 29. a3 Kd8 30. Kd3 Kc7 31. Ke2 Kd8 32. Kd3 Kc7 

1/2-1/2

[Event "SportAccord Blitz"]
[Site "?"]
[Date "2014.12.13"]
[Round "?"]
[White "Wang, Hao"]
[Black "Wang, Yue"]
[WhiteElo "2710"]
[BlackElo "2720"]
[Result "1-0"]

1. d4 Nf6 2. c4 e6 3. Nc3 d5 4. cxd5 exd5 5. Bg5 c6 6. e3 Bf5 7. Qf3 Bg6 8. Bxf6 Qxf6 9. Qxf6 gxf6 10. Nf3 Nd7 11. Nh4 Be7 12. g3 Nb6 13. O-O-O Nc8 14. Bd3 Nd6 15. f3 Bxd3 16. Rxd3 f5 17. Ng2 Kd7 18. Ne2 h5 19. h4 Ne8 20. Kd2 Nf6 21. Ke1 Bd6 22. Kf2 a5 23. a4 Rhb8 24. Ra1 Ra6 25. Rb3 Kc7 26. Ngf4 Rb6 27. Rxb6 Kxb6 28. Nd3 Re8 29. Nef4 Kc7 30. Nh3 Kd7 31. Rc1 Rb8 32. Nhf4 Bxf4 33. gxf4 Ke7 34. Rg1 b6 35. Ne5 Rc8 36. Rg7 c5 37. Rxf7+ Ke6 38. Rb7 cxd4 39. Rxb6+ Ke7 40. Nc6+ Kf7 41. Nxd4 Rc4 42. b3 Rc1 43. Nxf5 Nd7 44. Rb7 Ke6 45. Nd4+ Kd6 46. Rb5 Rh1 47. Rxa5 Nc5 48. Ra8 Nd3+ 49. Kg2 Rb1 50. Ra6+ Kd7 51. f5 Re1 52. f6 Ke8 53. Ra7 Rxe3 54. Re7+ Rxe7 55. fxe7 Kxe7 56. a5 Nb4 57. f4 Kd6 58. Kf3 Na6 59. Ke3 Nb4 60. Kd2 Kc5 61. Ne6+ Kd6 62. Ng7 d4 63. Nxh5 Nd5 64. a6 Kc6 65. Kd3 Nxf4+ 66. Nxf4 

1-0

[Event "SportAccord Blitz"]
[Site "?"]
[Date "2014.12.13"]
[Round "?"]
[White "Wang, Yue"]
[Black "Ponomariov, Ruslan"]
[WhiteElo "2720"]
[BlackElo "2714"]
[Result "1-0"]

1. d4 Nf6 2. c4 e6 3. g3 d5 4. Bg2 Bb4+ 5. Bd2 Bd6 6. Nf3 O-O 7. O-O c6 8. Bg5 Nbd7 9. Nbd2 h6 10. Bxf6 Nxf6 11. Qc2 b6 12. e4 Be7 13. Rac1 Bb7 14. cxd5 cxd5 15. e5 Nd7 16. h4 Rc8 17. Qb3 Rc7 18. Rfe1 Qc8 19. Rxc7 Qxc7 20. Bf1 Rc8 21. Bd3 a6 22. Bb1 Nf8 23. Qd3 Qd7 24. a3 Qb5 25. Qxb5 axb5 26. Bd3 b4 27. a4 f5 28. exf6 gxf6 29. h5 Kf7 30. Nf1 Bd6 31. Ne3 f5 32. Ng2 Nd7 33. Nf4 Bxf4 34. gxf4 Nf6 35. Ne5+ Ke7 36. Kg2 Nxh5 37. Kf3 Nf6 38. Rg1 Rg8 39. Rc1 Rc8 40. Rh1 h5 41. Rg1 Ng4 42. Rh1 Rh8 

1-0